Central Library OPAC University of Rajshahi

The debate on the French Revolution, 1789-1800. / (Record no. 25463)

MARC details
000 -LEADER
fixed length control field 00996cam a22003011 4500
001 - CONTROL NUMBER
control field 25463
003 - CONTROL NUMBER IDENTIFIER
rucl marc code BD-RjUL
005 - DATE AND TIME OF LATEST TRANSACTION
control field 20211209050901.0
008 - FIXED-LENGTH DATA ELEMENTS--GENERAL INFORMATION
fixed length control field 140318r19701960enk 001 0 eng d
020 ## - INTERNATIONAL STANDARD BOOK NUMBER
International Standard Book Number 0713601787
035 ## - SYSTEM CONTROL NUMBER
System control number (BD-RjUL)25533
System control number (OCoLC)1155650
040 ## - CATALOGING SOURCE
Original cataloging agency DLC
Transcribing agency OAU
Modifying agency Uk
-- DLC
-- BD-RjUL
Language of cataloging eng
041 ## - LANGUAGE CODE
Language code of text/sound track or separate title eng
082 00 - DEWEY DECIMAL CLASSIFICATION NUMBER
Classification number 944.04
Author mark and year DEB 1970
245 14 - TITLE STATEMENT
Title The debate on the French Revolution, 1789-1800. /
Statement of responsibility, etc. Ed by Cobban, Alfred,
250 ## - EDITION STATEMENT
Edition statement 2nd ed
260 ## - PUBLICATION, DISTRIBUTION, ETC. (IMPRINT)
Place of publication, distribution, etc. London :
Name of publisher, distributor, etc. N. Kaye,
Date of publication, distribution, etc. 1960 [Reprinted 1970]
300 ## - PHYSICAL DESCRIPTION
Pagination xx, 495 p. ;
Size 21 cm.
500 ## - GENERAL NOTE
General note Errata slip inserted.
504 ## - BIBLIOGRAPHY, ETC. NOTE
Bibliography, etc "Some books for further reading": p. 493. and Index
650 #0 - SUBJECT ADDED ENTRY--TOPICAL TERM
Topical term or geographic name as entry element Political science
Geographic subdivision Great Britain
General subdivision History
Chronological subdivision 18th century.
9 (RLIN) 78304
651 #0 - SUBJECT ADDED ENTRY--GEOGRAPHIC NAME
Geographic name France
General subdivision History
Chronological subdivision Revolution, 1789-1799
General subdivision Foreign public opinion.
9 (RLIN) 78305
942 ## - ADDED ENTRY ELEMENTS (KOHA)
Source of classification or shelving scheme Dewey Decimal Classification
Koha item type Books
Holdings
Lost status Source of classification or shelving scheme Damaged status Not for loan Collection code Permanent Location Current Location Shelving location Date acquired Source of acquisition Cost, normal purchase price Total Checkouts Full call number Date last seen Copy number Koha item type
  Dewey Decimal Classification   Added to bundle Non-fiction Central Library, University of Rajshahi Central Library, University of Rajshahi Reading Room 31/07/1972 Book centre 38.50   944.04 DEB 1970 18/03/2014 C-1 Books